000 00592nam a2200181Ia 4500
005 20250508160239.0
008 008 250505s9999 xx 000 0 eng d
037 _aTextual
040 _aFEDL
_beng
_cFEDL
041 _aeng
_2eng
084 _a371.26, NCE
_qFEDL
245 0 _aMeasurement of achievement in geography, general science and sciences
260 _aNew Delhi, India
_bNational Council of Educational Research and Training
300 _axvii,192p
650 _aEducational - Tests and Measurement
942 _cTEXL
_h371.26, NCE
999 _c1363031
_d1363031